Statistics for Sports by Athlete Quiz

Click here to take the quiz!

General Stats

  • This quiz has been taken 208,079 times
    (153,719 since last reset)
  • The average score is 18 of 30

Answer Stats

AthleteSport% Correct
Tiger WoodsGolf
99%
Michael JordanBasketball
98%
Roger FedererTennis
96%
David BeckhamSoccer
94%
Muhammad AliBoxing
93%
Joe MontanaFootball
93%
Michael PhelpsSwimming
93%
Usain BoltSprinting
92%
Babe RuthBaseball
91%
Wayne GretzkyIce Hockey
83%
Lance ArmstrongCycling
82%
Tony HawkSkateboarding
79%
Shaun WhiteSnowboarding
63%
Nadia ComăneciGymnastics
54%
Hermann MaierAlpine Skiing
52%
Sachin TendulkarCricket
50%
Misty MayBeach Volleyball
50%
Alexander KarelinWrestling
46%
Jonah LomuRugby Union
46%
Kim YunaFigure Skating
41%
Randy CoutureMixed Martial Arts
39%
Greg LouganisDiving
39%
Jan-Ove WaldnerTable Tennis
36%
Apolo OhnoSpeed Skating
35%
Ronnie O'SullivanSnooker
29%
Kevin MartinCurling
22%
Duke KahanamokuSurfing
21%
Bill KazmaierPowerlifting
19%
Edwin MosesHurdling
17%
David BelleParkour
5%

Score Distribution

Percentile by Number Answered

Percent of People with Each Score

Your Score History

You have not taken this quiz since the last reset